00337nam a2200133Ia 4500008004100000041000800041082001700049100002200066245004400088250001500132260003200147300001700179365000700196240624s9999 xx 000 0 und d aeng a658.4012 THO aTHOMPSON ARTHUR A aSTRATEGIC MANAGEMENT CONCEPTS AND CASES a(13th ed.) c2004aNew DelhibMcGrawhill axxxix, : 788 cRS